| 000 | 01005cam a2200289 a 4500 | ||
|---|---|---|---|
| 001 | 1672695 | ||
| 003 | Nust- CAS-E | ||
| 005 | 20180118181404.0 | ||
| 008 | 980925s1998 dcua b 000 0 eng | ||
| 010 | _a 98046324 | ||
| 020 | _a0875902928 | ||
| 040 |
_aDLC _cDLC _dDLC |
||
| 050 | 0 | 0 |
_aQB521.6 _b.F76 1998 |
| 082 | 0 | 0 |
_a523.7 _221 _bFRO1998 |
| 245 | 0 | 0 |
_aFrom the sun : _bauroras, magnetic storms, solar flares, cosmic rays / _cSteven T. Suess, Bruce Tadashi Tsurutani, editors. |
| 260 |
_aWashington, DC : _bAmerican Geophysical Union, _cc1998. |
||
| 300 |
_av, 172 p. : _bill. (some col.) ; _c23 cm. |
||
| 502 | _a0 | ||
| 504 | _aIncludes bibliographical references. | ||
| 650 | 0 | _aSolar wind. | |
| 651 | 0 | _aSun. | |
| 700 | 1 | _aSuess, Steven T. | |
| 700 | 1 | _aTsurutani, Bruce T. | |
| 906 |
_a7 _bcbu _corignew _d1 _eocip _f19 _gy-gencatlg |
||
| 942 |
_2ddc _cBK |
||
| 999 |
_c355524 _d355524 |
||